| 000 | 00360nam a22001457a 4500 | ||
|---|---|---|---|
| 003 | MACL | ||
| 005 | 20170530130530.0 | ||
| 008 | 170530b xxu||||| |||| 00| 0 eng d | ||
| 040 | _cMACL | ||
| 100 |
_aSiddiqui Shahana _967273 |
||
| 245 | _aBedtime Stories for Children | ||
| 260 |
_aDelhi _bModren Press _c2016 |
||
| 650 |
_aChildren _967274 |
||
| 942 |
_2ddc _cBK |
||
| 999 |
_c56410 _d56410 |
||